[Event "IX Floripa Chess Open Fort Atacadista"]
[Site "Florianópolis - Santa Catari"]
[Date "2023.01.24"]
[Round "3.241"]
[White "Nunes, Alice"]
[Black "Fernandes, Beatriz"]
[Result "0-1"]
[WhiteElo "1800"]
[BlackElo "1359"]
[PlyCount "120"]
[EventDate "2023.01.23"]
[EventRounds "10"]
[EventCountry "BRA"]

1. d4 Nf6 2. Nf3 g6 3. Bf4 d6 4. e3 Bg7 5. Nbd2 b6 6. c3 Bb7 7. Bc4 a6 8. a3 d5
9. Bd3 c5 10. Bc2 c4 11. b3 b5 12. b4 a5 13. O-O O-O 14. Re1 e6 15. Ne5 Nc6 16.
Nxc6 Bxc6 17. Nf3 Nd7 18. e4 Re8 19. e5 axb4 20. axb4 Rxa1 21. Qxa1 Qa8 22. h3
Nb6 23. Bd2 Qb7 24. Qb2 Ra8 25. Qc1 Na4 26. Kh2 Qa6 27. Ng1 Nb6 28. Ne2 Qa3 29.
Qxa3 Rxa3 30. Rc1 f6 31. f4 Kf7 32. g3 Na4 33. Bb1 Nb2 34. Kg2 Bh6 35. Kf3 fxe5
36. dxe5 d4+ 37. Kf2 d3 38. Nd4 Ra6 39. h4 Ke7 40. Rf1 Kd7 41. Ke1 Ra1 42. Kf2
Na4 43. Rc1 Nb6 44. g4 Nd5 45. g5 Bg7 46. Be3 Ne7 47. Kg3 Nf5+ 48. Nxf5 exf5
49. Re1 Be4 50. Bd2 Ke6 51. Rf1 Ra3 52. Rf2 Bf8 53. Rf1 Rb3 54. Rd1 Rb2 55. Kf2
Be7 56. Ke3 Bd8 57. Kf2 Bb6+ 58. Kg3 Ba7 59. Kh3 Bf3 60. Rf1 Be2 0-1

[Event "IX Floripa Chess Open Fort Atacadista"]
[Site "Florianópolis - Santa Catari"]
[Date "2023.01.24"]
[Round "3.242"]
[White "Oliveira, Isaac Rodrigues"]
[Black "Souza, Vitor Gabriel Batis"]
[Result "1/2-1/2"]
[WhiteElo "1356"]
[BlackElo "1800"]
[PlyCount "77"]
[EventDate "2023.01.23"]
[EventRounds "10"]
[EventCountry "BRA"]

1. e4 c5 2. Nf3 Nc6 3. d4 cxd4 4. Nxd4 e5 5. Nb5 d6 6. Be3 Nf6 7. N1c3 a6 8.
Na3 b5 9. Nd5 Rb8 10. f3 Nxd5 11. exd5 Ne7 12. c4 Nf5 13. Qd2 Nxe3 14. Qxe3 b4
15. Nc2 Be7 16. Bd3 Bg5 17. Qa7 Rb7 18. Qxa6 O-O 19. O-O b3 20. Ne1 Be3+ 21.
Kh1 Bd4 22. Rb1 Ra7 23. Qb5 bxa2 24. Ra1 f5 25. Nc2 Bd7 26. Qb4 Bc5 27. Qc3 Rf6
28. b4 Bb6 29. Qb2 Rh6 30. h3 f4 31. c5 dxc5 32. Qxe5 Bxh3 33. gxh3 Rxh3+ 34.
Kg2 Rh2+ 35. Kxh2 Qh4+ 36. Kg2 Qg3+ 37. Kh1 Qh3+ 38. Kg1 Qg3+ 39. Kh1 1/2-1/2

[Event "IX Floripa Chess Open Fort Atacadista"]
[Site "Florianópolis - Santa Catari"]
[Date "2023.01.24"]
[Round "3.243"]
[White "Cabral, Vivian De Paiva"]
[Black "Trentini, Agata Papini"]
[Result "1-0"]
[WhiteElo "1348"]
[BlackElo "1800"]
[PlyCount "41"]
[EventDate "2023.01.23"]
[EventRounds "10"]
[EventCountry "BRA"]

1. e4 e5 2. Nf3 Nc6 3. Nc3 Nf6 4. Bb5 Bc5 5. O-O O-O 6. Bxc6 bxc6 7. Nxe5 Ba6
8. Re1 Qe7 9. Nf3 d6 10. d4 Bb6 11. Bg5 Ba5 12. e5 Rab8 13. exf6 Qd7 14. fxg7
Kxg7 15. Rb1 Qg4 16. Qd2 c5 17. h3 Qf5 18. Nh4 Qd7 19. Re7 Qc6 20. Bh6+ Kf6 21.
Qg5# 1-0

[Event "IX Floripa Chess Open Fort Atacadista"]
[Site "Florianópolis - Santa Catari"]
[Date "2023.01.24"]
[Round "3.244"]
[White "Pinto, Pedro Daminelli Lag"]
[Black "Carvalho, Kayle Fabricio Amor"]
[Result "0-1"]
[WhiteElo "1800"]
[BlackElo "1347"]
[PlyCount "64"]
[EventDate "2023.01.23"]
[EventRounds "10"]
[EventCountry "BRA"]

1. d4 Nf6 2. Bf4 d5 3. e3 h6 4. Nf3 Bg4 5. Be2 e6 6. O-O Bd6 7. Bg3 Bxg3 8.
fxg3 O-O 9. Ne5 Bxe2 10. Qxe2 Nbd7 11. Ng4 Qe7 12. c3 c5 13. Nd2 cxd4 14. exd4
Rab8 15. Nxf6+ Nxf6 16. Nf3 b5 17. Ne5 Rb7 18. Ng4 Nxg4 19. Qxg4 b4 20. Rf4
bxc3 21. bxc3 Rb2 22. Raf1 Rxa2 23. Rf6 g6 24. Qh4 Kh7 25. Qg4 a5 26. Qxg6+
fxg6 27. Rxf8 Kg7 28. Rb8 Rc2 29. Rfb1 Rxc3 30. R1b7 Rc7 31. Rb1 a4 32. Ra8 Ra7
0-1

[Event "IX Floripa Chess Open Fort Atacadista"]
[Site "Florianópolis - Santa Catari"]
[Date "2023.01.24"]
[Round "3.245"]
[White "Sikorski, Valentim Enrico"]
[Black "Mayeregger Gonzalez, Fiorella"]
[Result "0-1"]
[WhiteElo "1800"]
[BlackElo "1340"]
[PlyCount "68"]
[EventDate "2023.01.23"]
[EventRounds "10"]
[EventCountry "BRA"]

1. e4 c5 2. Nf3 e6 3. d4 cxd4 4. Nxd4 Nc6 5. Nxc6 bxc6 6. Be2 Nf6 7. Bg5 h6 8.
Bh4 Be7 9. e5 Qa5+ 10. c3 Qxe5 11. Bg3 Qd5 12. O-O Qxd1 13. Rxd1 d5 14. Na3 O-O
15. Rd4 Ne4 16. f3 Nxg3 17. hxg3 Bc5 18. Rad1 e5 19. g4 exd4 20. cxd4 Bxa3 21.
bxa3 f5 22. gxf5 Bxf5 23. Rc1 Rf6 24. g4 Bd7 25. Bd3 Rxf3 26. Bf5 Bxf5 27. gxf5
Rc8 28. Kg2 Rxa3 29. Ra1 c5 30. dxc5 Rxc5 31. Kf2 Rc2+ 32. Ke1 Rh3 33. Kd1 Rg2
34. a3 Rh1# 0-1

[Event "IX Floripa Chess Open Fort Atacadista"]
[Site "Florianópolis - Santa Catari"]
[Date "2023.01.24"]
[Round "3.246"]
[White "Calsing, Enzo Guedes"]
[Black "Chagas, Gefster"]
[Result "1/2-1/2"]
[WhiteElo "1316"]
[BlackElo "1752"]
[PlyCount "119"]
[EventDate "2023.01.23"]
[EventRounds "10"]
[EventCountry "BRA"]

1. d4 f5 2. c4 Nf6 3. Nc3 e6 4. Nf3 c6 5. Qc2 d5 6. cxd5 cxd5 7. e3 Nc6 8. Bb5
Bd7 9. a3 Bd6 10. O-O O-O 11. b4 Ne4 12. Nxe4 fxe4 13. Ne1 Qh4 14. g3 Qg4 15.
Be2 Qg6 16. f3 exf3 17. Qxg6 hxg6 18. Bxf3 Rf6 19. Nd3 Raf8 20. Kg2 g5 21. Nc5
Bxc5 22. bxc5 g4 23. Be2 Rxf1 24. Bxf1 e5 25. Bd2 exd4 26. exd4 Nxd4 27. Bb4
Bc6 28. Rd1 Nc2 29. Rd3 d4+ 30. Kg1 Ne3 31. Be2 Rd8 32. Bc3 Bb5 33. Rxd4 Rxd4
34. Bxd4 Bxe2 35. Bxe3 Kf7 36. Kf2 Bc4 37. Bd4 a6 38. Ke3 g6 39. Kf4 Be2 40.
Ke5 Ke7 41. a4 Bf3 42. a5 Be2 43. Be3 Bd3 44. Bg5+ Kd7 45. Kd5 Bf5 46. Bf6 Be6+
47. Kd4 Kc6 48. Bd8 Bf5 49. Bb6 Kb5 50. Kd5 Kb4 51. Kd6 Kc3 52. c6 bxc6 53.
Kxc6 Kd2 54. Kd5 Ke2 55. Ke5 Kf1 56. Kf4 Kg2 57. Kg5 Kxh2 58. Bc7 Kg2 59. Bf4
Kf3 60. Bc7 1/2-1/2

[Event "IX Floripa Chess Open Fort Atacadista"]
[Site "Florianópolis - Santa Catari"]
[Date "2023.01.24"]
[Round "3.247"]
[White "Da Silva, Carlos Rafael Rego"]
[Black "Zottis, Pietro"]
[Result "0-1"]
[WhiteElo "1778"]
[BlackElo "1316"]
[PlyCount "64"]
[EventDate "2023.01.23"]
[EventRounds "10"]
[EventCountry "BRA"]

1. e4 c6 2. d4 d5 3. Nc3 dxe4 4. Nxe4 Bf5 5. Ng3 Bg6 6. h4 h5 7. c3 e6 8. Bd3
Bxd3 9. Qxd3 Nf6 10. f3 Qc7 11. N1e2 Bd6 12. Ne4 Nxe4 13. fxe4 e5 14. Be3 Nd7
15. O-O-O O-O-O 16. d5 Bc5 17. d6 Bxe3+ 18. Qxe3 Qa5 19. Kb1 Nb6 20. Qg5 g6 21.
Qf6 Rhf8 22. Rhf1 Qa4 23. Qe7 Qxe4+ 24. Kc1 Nd7 25. Nf4 Rde8 26. Qg5 Qe3+ 27.
Kc2 exf4 28. Rxf4 Re5 29. Rd3 Rxg5 30. Rxe3 Re5 31. Ref3 f5 32. Kd3 Rd5+ 0-1

[Event "IX Floripa Chess Open Fort Atacadista"]
[Site "Florianópolis - Santa Catari"]
[Date "2023.01.24"]
[Round "3.248"]
[White "Altenhofen, Rafael Graneto"]
[Black "Lisboa, Maria Eduarda Mazza"]
[Result "1-0"]
[WhiteElo "1315"]
[BlackElo "1743"]
[PlyCount "93"]
[EventDate "2023.01.23"]
[EventRounds "10"]
[EventCountry "BRA"]

1. d4 d5 2. c4 c6 3. Nf3 Nf6 4. Nc3 dxc4 5. a4 Bf5 6. Bf4 e6 7. g3 Bb4 8. Bd2
Nbd7 9. Bg2 O-O 10. O-O Qe7 11. b3 cxb3 12. Qxb3 a5 13. Na2 Bxd2 14. Nxd2 Rab8
15. Nc4 Qd8 16. Nc3 Nd5 17. e4 Nxc3 18. Qxc3 Bg6 19. Nxa5 Qc7 20. Rfc1 Ra8 21.
Nc4 b5 22. Nb2 bxa4 23. Qxc6 Qxc6 24. Rxc6 a3 25. Nc4 a2 26. Nd2 Rfb8 27. Rc2
Nf6 28. Rcxa2 Rxa2 29. Rxa2 h6 30. f4 Rd8 31. e5 Nh5 32. Ra8 Rxa8 33. Bxa8 Kh7
34. Kf2 Bc2 35. Be4+ Bxe4 36. Nxe4 Kg6 37. Kf3 f5 38. Nd6 Kh7 39. h3 Kg8 40. g4
fxg4+ 41. hxg4 Nxf4 42. Kxf4 g5+ 43. Ke4 Kf8 44. d5 Ke7 45. Nf5+ exf5+ 46. Kxf5
Kf7 47. d6 1-0

[Event "IX Floripa Chess Open Fort Atacadista"]
[Site "Florianópolis - Santa Catari"]
[Date "2023.01.24"]
[Round "3.249"]
[White "Baratieri, Maria Vitoria"]
[Black "Feller, Isadora Cristina Vi"]
[Result "0-1"]
[WhiteElo "1743"]
[BlackElo "1310"]
[PlyCount "58"]
[EventDate "2023.01.23"]
[EventRounds "10"]
[EventCountry "BRA"]

1. d4 d5 2. c4 c6 3. Nc3 Nf6 4. Nf3 Bf5 5. e3 e6 6. Be2 Nbd7 7. O-O Be7 8. Re1
O-O 9. Nh4 Be4 10. f3 Ne8 11. fxe4 Bxh4 12. Rf1 Nd6 13. c5 Nxe4 14. Nxe4 dxe4
15. Qc2 f5 16. Bc4 Qe7 17. Qb3 Rab8 18. Bxe6+ Kh8 19. Bxf5 g6 20. Be6 Rxf1+ 21.
Kxf1 Qf6+ 22. Ke2 Nxc5 23. dxc5 Qf2+ 24. Kd1 Rd8+ 25. Bd5 Rxd5+ 26. Qxd5 cxd5
27. g3 Bg5 28. h4 Qf1+ 29. Kc2 Qd3# 0-1

[Event "IX Floripa Chess Open Fort Atacadista"]
[Site "Florianópolis - Santa Catari"]
[Date "2023.01.24"]
[Round "3.250"]
[White "Seara, Sophia Parisotto"]
[Black "Borba Da Rosa, Rodrigo"]
[Result "0-1"]
[WhiteElo "1739"]
[BlackElo "1304"]
[PlyCount "126"]
[EventDate "2023.01.23"]
[EventRounds "10"]
[EventCountry "BRA"]

1. d4 Nf6 2. c4 g6 3. Nc3 d5 4. Bf4 Bg7 5. Nf3 c5 6. e3 Qa5 7. Bd3 dxc4 8. Bxc4
Ne4 9. O-O Nxc3 10. bxc3 Qxc3 11. Qa4+ Bd7 12. Bb5 Qb4 13. Bxd7+ Nxd7 14. Qc2
cxd4 15. exd4 Bxd4 16. Nxd4 Qxd4 17. Qc7 Nf6 18. Rfd1 Qb6 19. Qc3 O-O 20. Bh6
Rac8 21. Qe5 Rfe8 22. h4 Rc5 23. Qd4 Rd5 24. Qxb6 axb6 25. Rxd5 Nxd5 26. f3 f6
27. Bd2 Rc8 28. Rb1 Rc2 29. Bb4 Nxb4 30. Rxb4 Rxa2 31. Rxb6 Ra7 32. Rb5 Kf7 33.
h5 f5 34. h6 e6 35. f4 Kf6 36. Rc5 b6 37. Rb5 Rb7 38. g3 g5 39. Kf2 gxf4 40.
gxf4 Kg6 41. Ke3 Kxh6 42. Kf3 Kg6 43. Kg3 Kf6 44. Kh4 Rg7 45. Kh5 Rg4 46. Rxb6
Rxf4 47. Rb7 Rf1 48. Kh4 Rh1+ 49. Kg3 h5 50. Kg2 Rh4 51. Rb8 Rg4+ 52. Kh3 Re4
53. Rf8+ Ke5 54. Rh8 h4 55. Rh6 Rg4 56. Rh7 Kf4 57. Rh6 e5 58. Re6 e4 59. Rd6
e3 60. Rd4+ Kf3 61. Rd5 e2 62. Rxf5+ Rf4 63. Re5 Kf2 0-1

[Event "IX Floripa Chess Open Fort Atacadista"]
[Site "Florianópolis - Santa Catari"]
[Date "2023.01.25"]
[Round "4.11"]
[White "Cori T., Deysi"]
[Black "Saito, Vinicius"]
[Result "1/2-1/2"]
[WhiteElo "2356"]
[BlackElo "2138"]
[PlyCount "39"]
[EventDate "2023.01.23"]
[EventRounds "10"]
[EventCountry "BRA"]

1. b3 d5 2. Bb2 Nf6 3. Nf3 Bf5 4. g3 e6 5. Bg2 h6 6. O-O Be7 7. d3 O-O 8. Nbd2
a5 9. Re1 Bh7 10. e4 a4 11. a3 axb3 12. cxb3 c5 13. Ne5 Nc6 14. Nxc6 bxc6 15.
Qc2 Qb6 16. Rac1 c4 17. b4 c5 18. dxc4 cxb4 19. c5 Qa5 20. Re3 1/2-1/2

[Event "IX Floripa Chess Open Fort Atacadista"]
[Site "Florianópolis - Santa Catari"]
[Date "2023.01.25"]
[Round "4.12"]
[White "Federzoni, Enzo"]
[Black "Filgueiras, Nathan Felipe"]
[Result "1-0"]
[WhiteElo "2123"]
[BlackElo "2356"]
[PlyCount "77"]
[EventDate "2023.01.23"]
[EventRounds "10"]
[EventCountry "BRA"]

1. e4 c5 2. Nf3 Nc6 3. d4 cxd4 4. Nxd4 e5 5. Nb5 d6 6. c4 Be7 7. N5c3 Nf6 8.
Bd3 O-O 9. O-O Be6 10. Nd5 Bxd5 11. exd5 Nb4 12. Be2 a5 13. Nc3 Nd7 14. a3 Na6
15. Rb1 f5 16. b4 axb4 17. axb4 g5 18. c5 dxc5 19. d6 Bf6 20. Bxa6 Rxa6 21.
bxc5 Kh8 22. Qd5 Qa5 23. Rxb7 Nxc5 24. Rb5 Qxc3 25. Rxc5 Qd4 26. Rd1 Qxd5 27.
Rcxd5 Ra1 28. d7 Kg7 29. g3 Kf7 30. f4 gxf4 31. gxf4 Rg8+ 32. Kf1 exf4 33. Rxf5
Rb1 34. Rxf4 Rd8 35. h4 h6 36. Kg2 Ke6 37. Re1+ Kf7 38. Ref1 Rb6 39. Be3 1-0

[Event "IX Floripa Chess Open Fort Atacadista"]
[Site "Florianópolis - Santa Catari"]
[Date "2023.01.25"]
[Round "4.13"]
[White "Calcado, Acyr Rogerio"]
[Black "Almiron, Antonio"]
[Result "1/2-1/2"]
[WhiteElo "2106"]
[BlackElo "2334"]
[PlyCount "106"]
[EventDate "2023.01.23"]
[EventRounds "10"]
[EventCountry "BRA"]

1. e4 c5 2. Nf3 d6 3. d4 cxd4 4. Nxd4 Nf6 5. Nc3 g6 6. Be2 Bg7 7. O-O O-O 8.
Bg5 Nc6 9. Nb3 Be6 10. Qe1 h6 11. Bh4 a5 12. Rd1 a4 13. Nc5 Bc8 14. Bxf6 Bxf6
15. N5xa4 Nd4 16. b3 Nxc2 17. Qd2 Nd4 18. Nd5 Bg7 19. Nab6 Rb8 20. Nxc8 Rxc8
21. Rc1 Rc6 22. Rc4 e6 23. Ne3 Rxc4 24. Bxc4 Qh4 25. f3 Qf4 26. Rd1 b5 27. Bf1
Rc8 28. Ng4 Qxd2 29. Rxd2 h5 30. Ne3 Bh6 31. Rd3 Bxe3+ 32. Rxe3 Rc1 33. Rd3 e5
34. Rd2 Kf8 35. Kf2 Ke7 36. Rb2 Kd7 37. a4 b4 38. Bc4 f6 39. Bf7 h4 40. Bxg6
Ke7 41. Bh7 Kf7 42. Bf5 Rc3 43. a5 Nxb3 44. a6 Nc5 45. Ra2 Nd3+ 46. Kf1 b3 47.
a7 bxa2 48. a8=Q Rc1+ 49. Ke2 Nf4+ 50. Kd2 a1=Q 51. Qb7+ Kf8 52. Qb8+ Kf7 53.
Qb7+ Kf8 1/2-1/2

[Event "IX Floripa Chess Open Fort Atacadista"]
[Site "Florianópolis - Santa Catari"]
[Date "2023.01.25"]
[Round "4.14"]
[White "Starke, Bruno Orlando"]
[Black "Flores Quillas, Diego Saul Rodri"]
[Result "1/2-1/2"]
[WhiteElo "2100"]
[BlackElo "2321"]
[PlyCount "238"]
[EventDate "2023.01.23"]
[EventRounds "10"]
[EventCountry "BRA"]

1. Nf3 c5 2. c4 Nc6 3. Nc3 g6 4. g3 Bg7 5. Bg2 e6 6. O-O Nge7 7. d3 O-O 8. Rb1
d5 9. a3 b6 10. Bd2 Bb7 11. cxd5 exd5 12. b4 cxb4 13. axb4 d4 14. Na4 Nd5 15.
b5 Nce7 16. Nb2 Qd7 17. Nc4 Rfd8 18. Qb3 h6 19. e4 Nc3 20. Bxc3 dxc3 21. Nfe5
Qe6 22. Qxc3 Rac8 23. f4 f6 24. Nxg6 Nxg6 25. f5 Qd7 26. fxg6 Qxd3 27. Qxd3
Rxd3 28. Rfd1 Rxd1+ 29. Rxd1 Rxc4 30. Rd8+ Bf8 31. g7 Kxg7 32. Rd7+ Kg6 33.
Rxb7 Bc5+ 34. Kf1 Rc1+ 35. Ke2 Rc2+ 36. Kf1 Rf2+ 37. Kg1 Rb2+ 38. Kf1 f5 39.
exf5+ Kxf5 40. Bc6 Rf2+ 41. Kg1 Ra2+ 42. Kh1 a5 43. bxa6 Rxa6 44. Rf7+ Ke5 45.
Rf1 Ra3 46. Rb1 Kd6 47. Bb5 Bd4 48. Bf1 Ra2 49. Bc4 Rc2 50. Bd3 Rd2 51. Bf1 Bb2
52. Ba6 Kc6 53. Re1 Kc5 54. Re6 Bg7 55. Rg6 Rd7 56. Bc8 Rc7 57. Bf5 b5 58. Re6
b4 59. Re1 Rb7 60. Bb1 b3 61. Rf1 b2 62. Bc2 Rd7 63. Rf2 b1=Q+ 64. Bxb1 Rd1+
65. Kg2 Rxb1 66. Rf7 Bd4 67. Rf5+ Kd6 68. Kf3 Ke6 69. Rh5 Bg7 70. Ra5 Kf7 71.
Kg4 Kg6 72. Ra6+ Bf6 73. Ra5 Rb2 74. h3 Rb3 75. Ra6 Rb5 76. Rc6 Rf5 77. h4 h5+
78. Kh3 Rd5 79. Ra6 Rd3 80. Ra5 Re3 81. Kg2 Be5 82. Kf2 Re4 83. Kf3 Kf5 84. Ra3
Rg4 85. Kg2 Rb4 86. Kf3 Rb1 87. Rd3 Rb7 88. Ra3 Rg7 89. Kg2 Ke4 90. Ra4+ Bd4
91. Ra2 Be3 92. Ra4+ Kd3 93. Ra3+ Ke2 94. Ra5 Bf4 95. Ra2+ Bd2 96. Ra4 Rg4 97.
Ra3 Bb4 98. Rf3 Be7 99. Rf2+ Ke3 100. Rf3+ Ke4 101. Rf4+ Ke5 102. Kf3 Rg7 103.
Ra4 Rf7+ 104. Rf4 Bf6 105. Re4+ Kf5 106. Rf4+ Kg6 107. Kg2 Rc7 108. Rf3 Rc3
109. Rxc3 Bxc3 110. Kf3 Kf5 111. Kf2 Ke4 112. Kg2 Be1 113. Kf1 Bb4 114. Kf2 Bd6
115. Kg2 Kf5 116. Kf3 Bc5 117. Kg2 Kg4 118. Kh2 Kf3 119. Kh1 Kxg3 1/2-1/2

[Event "IX Floripa Chess Open Fort Atacadista"]
[Site "Florianópolis - Santa Catari"]
[Date "2023.01.25"]
[Round "4.15"]
[White "Cordeiro, Marco Aurelio Zaror"]
[Black "Rodrigues, Edgar"]
[Result "0-1"]
[WhiteElo "2099"]
[BlackElo "2299"]
[PlyCount "58"]
[EventDate "2023.01.23"]
[EventRounds "10"]
[EventCountry "BRA"]

1. e4 e6 2. d4 d5 3. e5 c5 4. c3 Nc6 5. Nf3 Bd7 6. a3 c4 7. b3 cxb3 8. Qxb3 Na5
9. Qa2 Ba4 10. Nbd2 Rc8 11. Bb2 Ne7 12. Bd3 b5 13. O-O Rc7 14. Rfc1 Nc8 15. Bc2
Nb6 16. Rab1 Be7 17. Bxa4 Nxa4 18. Rc2 O-O 19. Re1 Qb8 20. Nb1 Rfc8 21. Rd1 Qb6
22. Rd3 Qa6 23. Ne1 Rc4 24. Bc1 Nb6 25. Re2 Nc6 26. Be3 Ra4 27. Bc1 b4 28. Rd1
bxc3 29. Nf3 Nb4 0-1

[Event "IX Floripa Chess Open Fort Atacadista"]
[Site "Florianópolis - Santa Catari"]
[Date "2023.01.25"]
[Round "4.16"]
[White "Rodi, Luis Ernesto"]
[Black "Becker, Rogerio Sperb"]
[Result "1/2-1/2"]
[WhiteElo "2295"]
[BlackElo "2128"]
[PlyCount "141"]
[EventDate "2023.01.23"]
[EventRounds "10"]
[EventCountry "BRA"]

1. e4 Nf6 2. e5 Nd5 3. d4 d6 4. Nf3 Bg4 5. Be2 e6 6. c4 Nb6 7. h3 Bh5 8. exd6
cxd6 9. Nc3 Be7 10. Be3 O-O 11. g4 Bg6 12. h4 h6 13. g5 h5 14. Nd2 d5 15. c5
Nc4 16. Nxc4 dxc4 17. Bxh5 Bh7 18. Be2 Nc6 19. Bxc4 b6 20. cxb6 Qxb6 21. Bd3
Bxd3 22. Qxd3 Qxb2 23. Rb1 Qa3 24. Rb3 Qa5 25. O-O Rac8 26. a3 Rfd8 27. Qe4 g6
28. h5 Qf5 29. Qxf5 gxf5 30. Ne2 Na5 31. Rb5 Nc4 32. Bc1 Rb8 33. Rxb8 Rxb8 34.
Bf4 Rb2 35. Rc1 Nb6 36. Ng3 Bd8 37. d5 Nxd5 38. Be5 Rb7 39. Rc8 Rd7 40. f4 Kh7
41. Ne2 Bb6+ 42. Kg2 Rd8 43. Rxd8 Bxd8 44. Kf3 Be7 45. a4 a6 46. Nd4 Nb6 47.
Nc6 Bf8 48. a5 Nc4 49. Bc3 Bg7 50. Bb4 e5 51. Nb8 exf4 52. Nxa6 f6 53. Kxf4
fxg5+ 54. Kxg5 f4 55. Kxf4 Kh6 56. Kg4 Ne3+ 57. Kf3 Nc4 58. Kg4 Ne3+ 59. Kh4
Bf6+ 60. Kh3 Nc4 61. Kg4 Ne3+ 62. Kf4 Nc4 63. Kf5 Bd8 64. Kg4 Ne5+ 65. Kf5 Nc4
66. Nc5 Bxa5 67. Bxa5 Nxa5 68. Kg4 Nc6 69. Nd3 Ne7 70. Ne5 Nd5 71. Kh4 1/2-1/2

[Event "IX Floripa Chess Open Fort Atacadista"]
[Site "Florianópolis - Santa Catari"]
[Date "2023.01.25"]
[Round "4.17"]
[White "Villalba, Marcelo"]
[Black "Do Nascimento, Christian Almeida"]
[Result "1/2-1/2"]
[WhiteElo "2269"]
[BlackElo "2097"]
[PlyCount "144"]
[EventDate "2023.01.23"]
[EventRounds "10"]
[EventCountry "BRA"]

1. d4 d5 2. c4 e6 3. Nc3 Nf6 4. cxd5 exd5 5. Bg5 c6 6. e3 Bd6 7. Bd3 O-O 8. Qc2
h6 9. Bh4 Re8 10. Nge2 Nbd7 11. Bg3 Nf8 12. O-O Be6 13. Rab1 Rc8 14. b4 a6 15.
Na4 Bxg3 16. Nxg3 Qc7 17. Nc5 h5 18. f3 Re7 19. Rbe1 Rce8 20. Qd2 Bc8 21. Nh1
Ne6 22. Nb3 Qd6 23. a3 Nf8 24. Nf2 g6 25. Bc2 Ne6 26. Nd3 Ng7 27. Ne5 Nd7 28.
Nd3 Nf6 29. Nf2 Ne6 30. Nd1 Kg7 31. Nc3 Kg8 32. Qf2 Ng7 33. h3 Ne6 34. e4 Qf4
35. e5 Nh7 36. Ne2 Qh6 37. f4 Ng7 38. Nc3 Nf8 39. Nd1 Bf5 40. Ne3 Bxc2 41. Qxc2
Nge6 42. f5 Ng5 43. f6 Rd7 44. Nc5 Rc7 45. Nd1 Nge6 46. Qc3 Nxc5 47. bxc5 Ne6
48. a4 Qg5 49. Re3 Qh4 50. Rd3 Nf4 51. Rd2 Ne6 52. Qe3 Kh7 53. Nf2 a5 54. g3
Qg5 55. Qxg5 Nxg5 56. Kg2 Ne6 57. Rb1 g5 58. Kf3 Kg6 59. Ke3 Rh8 60. Rdb2 h4
61. g4 Rb8 62. Nd3 Nd8 63. Rb6 Ra8 64. Ne1 Ra7 65. Nc2 Ne6 66. Rf1 Rd7 67. Ne1
Rc7 68. Ng2 Rd7 69. Rfb1 Rc7 70. R1b3 Rd7 71. Rd3 Rc7 72. Rc3 Rd7 1/2-1/2

[Event "IX Floripa Chess Open Fort Atacadista"]
[Site "Florianópolis - Santa Catari"]
[Date "2023.01.25"]
[Round "4.19"]
[White "Gattass, Allan"]
[Black "Souza Dos Santos, Matheus Garcett"]
[Result "1/2-1/2"]
[WhiteElo "2246"]
[BlackElo "2041"]
[PlyCount "116"]
[EventDate "2023.01.23"]
[EventRounds "10"]
[EventCountry "BRA"]

1. b3 d5 2. Bb2 Bf5 3. e3 Nf6 4. Nf3 e6 5. c4 c6 6. Be2 h6 7. d3 Bd6 8. Nbd2
O-O 9. h3 a5 10. g4 Bh7 11. g5 hxg5 12. Nxg5 Nbd7 13. Nxh7 Kxh7 14. Nf3 Rh8 15.
a3 dxc4 16. bxc4 a4 17. d4 Qa5+ 18. Kf1 Kg8 19. c5 Be7 20. Qc2 Nd5 21. Rb1 b6
22. cxb6 Qxb6 23. Bc1 Qc7 24. e4 N5f6 25. Bb5 c5 26. Bxa4 Qa7 27. Bc6 cxd4 28.
Bxa8 Qxa8 29. Nxd4 Bc5 30. Be3 Nxe4 31. Rg1 Rxh3 32. Qb2 Bxa3 33. Qb7 Qxb7 34.
Rxb7 Nef6 35. Ke2 Bc5 36. Ra1 Ne5 37. Ra8+ Kh7 38. Rc8 Ne4 39. Rbb8 Kg6 40. Rh8
Rxh8 41. Rxh8 Nc3+ 42. Kd2 Nd5 43. Nc2 Nxe3 44. fxe3 Kf6 45. Ke2 g5 46. e4 Ng6
47. Rc8 Bd6 48. Ne3 Ke7 49. Ra8 Bc5 50. Ng4 f5 51. exf5 exf5 52. Nh6 Nf4+ 53.
Kf3 Kf6 54. Ra6+ Ne6 55. Ra5 Nd4+ 56. Kg2 Ne6 57. Kf3 Kg6 58. Ra6 g4+ 1/2-1/2

[Event "IX Floripa Chess Open Fort Atacadista"]
[Site "Florianópolis - Santa Catari"]
[Date "2023.01.25"]
[Round "4.20"]
[White "De Souza, Felipe Guimaraes"]
[Black "Caetano, Ryan Wesley Da Cost"]
[Result "0-1"]
[WhiteElo "1943"]
[BlackElo "2240"]
[PlyCount "110"]
[EventDate "2023.01.23"]
[EventRounds "10"]
[EventCountry "BRA"]

1. Nf3 Nf6 2. c4 c6 3. g3 g6 4. b3 Bg7 5. Bb2 O-O 6. Bg2 d5 7. O-O a5 8. d3 Na6
9. cxd5 cxd5 10. Qd2 Nb4 11. Na3 Nc6 12. Nb5 a4 13. b4 Qb6 14. Nbd4 Na7 15. Nc2
Nb5 16. Be5 Bd7 17. Rac1 Rfc8 18. Ne3 Qe6 19. Qb2 Bh6 20. Bf4 Bxf4 21. gxf4 Qd6
22. Ne5 a3 23. Qd2 Be6 24. Nc2 Nh5 25. e3 Rc7 26. Nf3 Rac8 27. Ncd4 Nxd4 28.
Nxd4 Bd7 29. Rxc7 Rxc7 30. Rb1 f6 31. f5 gxf5 32. Qd1 Ng7 33. Qb3 e6 34. Qxa3
f4 35. Qb2 Qe5 36. Re1 Nf5 37. Qa1 fxe3 38. fxe3 Nxd4 39. exd4 Qg5 40. Qd1 Qf4
41. Kh1 Qxd4 42. Qf3 Qh4 43. Rg1 Kh8 44. Qe3 Rc8 45. d4 Rg8 46. Bh3 Qe4+ 47.
Qxe4 Rxg1+ 48. Kxg1 dxe4 49. d5 f5 50. dxe6 Bxe6 51. a4 Kg7 52. Kf2 Kf6 53. Ke3
f4+ 54. Kxf4 Bxh3 55. Kxe4 Ke6 0-1

[Event "IX Floripa Chess Open Fort Atacadista"]
[Site "Florianópolis - Santa Catari"]
[Date "2023.01.25"]
[Round "4.21"]
[White "Pires, Marcos Vinicius Tor"]
[Black "Goncalves, Nata"]
[Result "1-0"]
[WhiteElo "2238"]
[BlackElo "2013"]
[PlyCount "89"]
[EventDate "2023.01.23"]
[EventRounds "10"]
[EventCountry "BRA"]

1. Nf3 Nf6 2. c4 g6 3. b3 Bg7 4. Bb2 O-O 5. g3 c6 6. Bg2 d5 7. O-O Bf5 8. d3
Re8 9. Nbd2 Nfd7 10. Bxg7 Kxg7 11. Nd4 Nc5 12. Nxf5+ gxf5 13. Qc1 Qd6 14. Nf3
Nbd7 15. Nh4 e6 16. b4 Na6 17. a3 Nc7 18. e4 fxe4 19. dxe4 Qe5 20. exd5 cxd5
21. Re1 Qf6 22. cxd5 Nxd5 23. Bxd5 exd5 24. Qd2 Nb6 25. Rad1 Re6 26. Qd3 Rae8
27. Rf1 Re4 28. Ng2 Rc8 29. Nf4 Qc3 30. Nxd5 Qxd3 31. Rxd3 Nxd5 32. Rxd5 Rc3
33. Ra5 a6 34. Rd1 Re7 35. Rd4 f6 36. Kg2 Rec7 37. Rg4+ Kf8 38. Rf4 Kg7 39. Kh3
R7c6 40. Rg4+ Kf8 41. Rd4 Rc7 42. Kg4 R3c4 43. Rxc4 Rxc4+ 44. Kf5 Ke7 45. Rc5
1-0

[Event "IX Floripa Chess Open Fort Atacadista"]
[Site "Florianópolis - Santa Catari"]
[Date "2023.01.25"]
[Round "4.22"]
[White "Cuenca Jimenez, Jose Fernando"]
[Black "Kim, Thiago"]
[Result "1/2-1/2"]
[WhiteElo "2545"]
[BlackElo "1980"]
[PlyCount "136"]
[EventDate "2023.01.23"]
[EventRounds "10"]
[EventCountry "BRA"]

1. Nf3 c5 2. c4 Nf6 3. Nc3 d5 4. cxd5 Nxd5 5. g3 Nc6 6. Bg2 Nc7 7. d3 e5 8. Be3
Be7 9. Rc1 Bd7 10. O-O O-O 11. Nd2 Rc8 12. Nc4 f6 13. f4 exf4 14. gxf4 Kh8 15.
Ne4 b6 16. f5 Be8 17. Qe1 Nd5 18. Bd2 Nd4 19. Qf2 b5 20. Na5 Qb6 21. e3 Nc6 22.
Nxc6 Bxc6 23. a3 Rfd8 24. Qe2 b4 25. Nf2 bxa3 26. bxa3 Qa6 27. Rc4 Bb5 28. Rh4
Bf8 29. Qh5 h6 30. e4 Ne7 31. e5 Be8 32. Qg4 Ng8 33. Bc3 Be7 34. Rh3 fxe5 35.
Bxe5 Bf6 36. Re1 c4 37. dxc4 Qxc4 38. Qxc4 Rxc4 39. Rhe3 Bc6 40. Bxc6 Rxc6 41.
Ng4 Rdc8 42. Kg2 Bxe5 43. Nxe5 Rc2+ 44. Kg3 Nf6 45. Ng6+ Kh7 46. h3 R2c5 47.
Ne5 Rc3 48. Kf3 Nd5 49. Rd3 Rxd3+ 50. Nxd3 Rc3 51. Ke4 Nf6+ 52. Kd4 Rxa3 53.
Re6 Ra4+ 54. Ke3 Ra5 55. Kf4 Nh5+ 56. Ke4 Nf6+ 57. Kf4 Ra4+ 58. Kf3 Ra3 59. Ke3
a5 60. Kd4 Ra4+ 61. Ke3 h5 62. Nf4 Ra3+ 63. Kf2 Rb3 64. Re5 a4 65. Ra5 Rb2+ 66.
Kf3 Rb3+ 67. Kf2 Rb2+ 68. Kf3 Rb3+ 1/2-1/2